[Event "European Online CC GpC"]
[Site "Tornelo INT"]
[Date "2021.03.27"]
[Round "1.5"]
[Board "2"]
[White "Subelj, Jan"]
[Black "Grigorian, Spartak"]
[Result "1-0"]
[WhiteTitle "IM"]
[WhiteElo "2430"]
[BlackElo "2458"]
[WhiteTeam "ZSK Maribor Poligram"]
[BlackTeam "SV Werder Bremen"]
[WhiteFideId "14618583"]
[BlackFideId "24661490"]
[EventDate "2021.03.27"]
[EventType "team"]

1. e4 c5 2. Nf3 d6 3. Bb5+ Nd7 4. c3 Nf6 5. Qe2 a6 6. Ba4 b5 7. Bc2 Bb7 8. d4 e6
9. O-O Be7 10. Re1 Qc7 11. Bd3 O-O 12. Nbd2 Rac8 13. Nf1 cxd4 14. cxd4 e5 15.
Ng3 exd4 16. Nxd4 Rfe8 17. Bf4 Bf8 18. Ndf5 Ne5 19. Rad1 Qb6 20. Bb1 d5 21. Be3
Qc7 22. f4 Nc4 23. Bd4 Re6 24. e5 g6 25. Ne3 Nxe3 26. Qxe3 Ne4 27. Nxe4 dxe4 28.
Bxe4 Bxe4 29. Qxe4 Qc2 30. Bc3 Qxe4 31. Rxe4 f5 32. Re2 b4 33. Be1 Rec6 34. Kf1
Rc4 35. g3 a5 36. Rd7 R4c7 37. Red2 Be7 38. Rxc7 Rxc7 39. b3 Kf7 40. Ke2 Ke6 41.
Bf2 Rc1 42. Bb6 Bc5 43. Bxc5 Rxc5 44. Rd6+ Ke7 45. Kd2 a4 46. Rb6 Rd5+ 47. Ke3
Rc5 48. Rxb4 a3 49. Rc4 Rd5 50. Ra4 Rd1 51. Rxa3 Rh1 52. Ra7+ Ke6 53. Rxh7 Re1+
54. Kd4 Rd1+ 55. Kc5 Rc1+ 56. Kb5 Kd5 57. b4 Ke4 58. e6 Kf3 59. e7 Re1 60. a4 1-0

[Event "European Online CC GpC"]
[Site "Tornelo INT"]
[Date "2021.03.27"]
[Round "2.4"]
[Board "3"]
[White "Kirsch, Laurent"]
[Black "Stocek, Jiri"]
[Result "0-1"]
[BlackTitle "GM"]
[WhiteElo "2120"]
[BlackElo "2604"]
[WhiteTeam "Le Cavalier Differdange"]
[BlackTeam "Cesky Lev"]
[WhiteFideId "4001354"]
[BlackFideId "304760"]
[EventDate "2021.03.27"]
[EventType "team"]

1. d4 Nf6 2. c4 e6 3. Nc3 Bb4 4. f3 c5 5. d5 O-O 6. e4 d6 7. Ne2 b5 8. Nf4 a6 9.
a4 e5 10. Ne2 bxc4 11. Ng3 Nbd7 12. Bxc4 Nb6 13. Be2 c4 14. O-O a5 15. Kh1 Nfd7
16. f4 exf4 17. Bxf4 Ne5 18. Bxe5 dxe5 19. Bg4 Nd7 20. Qf3 Ra6 21. Qe2 Rh6 22.
Nf5 Rg6 23. Bh3 Ba6 24. Rf3 Rf6 25. Raf1 g6 26. Ne3 Rxf3 27. Qxf3 h5 28. Bxd7
Qxd7 29. Qf6 Qd6 30. Qxd6 Bxd6 31. Rf6 Rd8 32. Nb5 Bxb5 33. axb5 Kg7 34. Rf1 Rc8
35. Rc1 c3 36. bxc3 a4 37. Kg1 Bb4 38. c4 Bd2 39. Rc2 Bxe3+ 40. Kf1 Bc5 41. Ke2
a3 42. Kd3 f5 43. Re2 Kf6 44. Kc3 Ra8 0-1

[Event "European Online CC GpC"]
[Site "Tornelo INT"]
[Date "2021.03.27"]
[Round "4.3"]
[Board "3"]
[White "Kirsch, Laurent"]
[Black "Colbow, Collin"]
[Result "1/2-1/2"]
[BlackTitle "FM"]
[WhiteElo "2120"]
[BlackElo "2339"]
[WhiteTeam "Le Cavalier Differdange"]
[BlackTeam "SV Werder Bremen"]
[WhiteFideId "4001354"]
[BlackFideId "16201132"]
[EventDate "2021.03.27"]
[EventType "team"]

1. d4 Nf6 2. c4 e6 3. Nc3 Bb4 4. f3 c5 5. d5 b5 6. e4 bxc4 7. Bxc4 exd5 8. Bxd5
Nxd5 9. Qxd5 Nc6 10. Ne2 Ba6 11. a3 Bxc3+ 12. Nxc3 Nd4 13. Kf2 O-O 14. Bf4 Qb6
15. Rab1 Bd3 16. Na4 Qb5 17. Nc3 Qb6 18. Na4 Qb5 19. Nc3 Qb6 1/2-1/2

[Event "European Online CC GpC"]
[Site "Tornelo INT"]
[Date "2021.03.28"]
[Round "5.4"]
[Board "1"]
[White "Markoja, Boris"]
[Black "Wirig, Anthony"]
[Result "1/2-1/2"]
[WhiteTitle "IM"]
[BlackTitle "GM"]
[WhiteElo "2439"]
[BlackElo "2500"]
[WhiteTeam "ZSK Maribor Poligram"]
[BlackTeam "Le Cavalier Differdange"]
[WhiteFideId "14608502"]
[BlackFideId "615013"]
[EventDate "2021.03.27"]
[EventType "team"]

1. d4 Nf6 2. c4 e6 3. g3 Bb4+ 4. Nd2 d5 5. Nf3 O-O 6. Bg2 b6 7. O-O Bb7 8. Ne5
Nbd7 9. Qa4 Bxd2 10. Bxd2 Nxe5 11. dxe5 Nd7 12. cxd5 Bxd5 13. Bc3 Nc5 14. Qd4
Bxg2 15. Kxg2 Qxd4 16. Bxd4 Na6 17. Rfd1 Rfd8 18. Bc3 c5 19. a4 Kf8 20. e4 Ke7
21. Rd6 Nc7 22. b4 Rxd6 23. exd6+ Kxd6 24. Rd1+ Ke7 25. bxc5 bxc5 26. Bxg7 Na6
27. Be5 Rc8 28. Bd6+ Kf6 29. e5+ Kg6 30. Rc1 c4 31. f4 Rc6 32. Kf3 Nc7 33. Bxc7
Rxc7 34. Rc3 h5 35. Ke4 Rc8 36. h3 Rc7 37. Kd4 Kf5 38. Ke3 f6 39. exf6 Kxf6 40.
g4 hxg4 41. hxg4 e5 42. Ke4 exf4 43. Kxf4 Ke6 44. Ke4 Rg7 45. Rxc4 Rxg4+ 46. Kd3
Rxc4 47. Kxc4 Kd6 48. Kb5 Kc7 1/2-1/2

[Event "European Online CC GpC"]
[Site "Tornelo INT"]
[Date "2021.03.28"]
[Round "6.4"]
[Board "1"]
[White "Donchenko, Alexander"]
[Black "Babula, Vlastimil"]
[Result "1-0"]
[WhiteTitle "GM"]
[BlackTitle "GM"]
[WhiteElo "2659"]
[BlackElo "2559"]
[WhiteTeam "SF Deizisau e.V."]
[BlackTeam "SV Werder Bremen"]
[WhiteFideId "24603295"]
[BlackFideId "301264"]
[EventDate "2021.03.27"]
[EventType "team"]

1. d4 Nf6 2. c4 e6 3. g3 Bb4+ 4. Nd2 d5 5. Bg2 O-O 6. Nf3 b6 7. O-O Bb7 8. Ne5
Nbd7 9. Qa4 Bd6 10. Nxd7 Qxd7 11. Qxd7 Nxd7 12. cxd5 exd5 13. Nc4 Be7 14. Bf4 c6
15. Nd6 Bxd6 16. Bxd6 Rfe8 17. Rfe1 f5 18. a4 a5 19. e3 Re6 20. Bf4 c5 21. Red1
Nf6 22. b3 Rc8 23. Rac1 Ne4 24. Bh3 Rf6 25. f3 Nd6 26. dxc5 bxc5 27. e4 Nf7 28.
Bxf5 Re8 29. Rxc5 dxe4 30. fxe4 g6 31. Bh3 Bxe4 32. Re1 Rb6 33. Rb5 Rxb5 34.
axb5 Bc6 35. Rxe8+ Bxe8 36. b6 Bc6 37. Bc7 Ng5 38. Bc8 1-0

[Event "European Online CC GpC"]
[Site "Tornelo INT"]
[Date "2021.03.28"]
[Round "7.1"]
[Board "2"]
[White "Gallevci, Yagiz"]
[Black "Martinez Alcantara, Jose Eduardo"]
[Result "0-1"]
[WhiteTitle "CM"]
[BlackTitle "GM"]
[WhiteElo "2069"]
[BlackElo "2620"]
[WhiteTeam "Zeitnot Express"]
[BlackTeam "Gijon 64"]
[WhiteFideId "6379931"]
[BlackFideId "3805662"]
[EventDate "2021.03.27"]
[EventType "team"]

1. e4 e5 2. Nf3 Nc6 3. Bb5 a6 4. Bxc6 dxc6 5. Nc3 f6 6. d4 exd4 7. Qxd4 Qxd4 8.
Nxd4 Bd7 9. Be3 Bb4 10. Ne2 Ne7 11. O-O-O O-O-O 12. Na4 Ng6 13. Bc5 a5 14. c3
Bxc5 15. Nxc5 Ne5 16. h3 Rhe8 17. Ng3 b6 18. Nxd7 Nxd7 19. Kc2 g6 20. Rhe1 Re7
21. Re2 Rde8 22. Rde1 c5 23. Nf1 c4 24. Nd2 Ne5 25. Rf1 b5 26. f4 Nd7 27. a4 c6
28. Ra1 Kb7 29. axb5 cxb5 30. Rxa5 Kb6 31. Ra1 Nc5 32. b3 cxb3+ 33. Nxb3 Rxe4
34. Rxe4 Rxe4 35. Nd4 Rxf4 36. Ra8 Rf2+ 37. Kd1 Ne4 38. Ke1 Rxg2 39. Rb8+ Kc7
40. Rxb5 Rg1+ 41. Ke2 Nxc3+ 42. Kf2 Nxb5 43. Nxb5+ Kb6 44. Kxg1 Kxb5 45. Kf2 Kc4
46. Kf3 Kd5 47. Kf4 Ke6 48. h4 h5 49. Ke4 g5 50. hxg5 fxg5 0-1

[Event "European Online CC GpC"]
[Site "Tornelo INT"]
[Date "2021.03.28"]
[Round "8.1"]
[Board "1"]
[White "Sahin, Ozgun"]
[Black "Wirig, Anthony"]
[Result "0-1"]
[BlackTitle "GM"]
[WhiteElo "2281"]
[BlackElo "2500"]
[WhiteTeam "Zeitnot Express"]
[BlackTeam "Le Cavalier Differdange"]
[WhiteFideId "6328121"]
[BlackFideId "615013"]
[EventDate "2021.03.27"]
[EventType "team"]

1. e4 c5 2. Nf3 e6 3. d4 cxd4 4. Nxd4 Nf6 5. Nc3 Nc6 6. Bf4 Bb4 7. Nb5 e5 8. Bg5
O-O 9. a3 Be7 10. Bxf6 Bxf6 11. Nd5 d6 12. Nxf6+ Qxf6 13. Bd3 Qg5 14. Qd2 Qxd2+
15. Kxd2 Rd8 16. Rad1 a6 17. Nc7 Ra7 18. Nd5 b5 19. a4 b4 20. c3 bxc3+ 21. bxc3
Be6 22. Ne3 Na5 23. Rb1 g6 24. Rb6 Nb3+ 25. Kc2 Nc5 26. a5 Kf8 27. Rhb1 Ke7 28.
Rc6 Rdd7 29. Rbb6 h5 30. f3 h4 31. Bxa6 f5 32. Bc8 Rxa5 33. Bxd7 Bxd7 34. Nd5+
Kf7 35. Rxd6 Ra2+ 36. Rb2 Ra7 37. exf5 Bxf5+ 38. Kd2 Nd3 39. Rbb6 Kg7 40. Nb4
Nb2 41. Rdc6 Rd7+ 42. Ke2 Kh6 43. g4 Bb1 44. Nc2 Bxc2 45. Rxb2 Bd3+ 46. Ke3 Bf1
47. Rd2 Rf7 48. Rdd6 Rg7 49. c4 h3 50. Kf2 Bg2 51. c5 Kg5 52. Kg3 Kh6 53. Re6
Kh7 54. Rxe5 Rf7 55. f4 Bxc6 56. f5 gxf5 57. Rxf5 Ra7 58. Kxh3 Bd7 59. Rg5 Ra2
60. Rd5 Bb5 61. Kg3 Rc2 62. h4 Be2 63. Rg5 Rc4 64. h5 Bd1 65. Kh4 Bf3 66. Kg3
Be2 67. Kh4 Kh6 68. Rg6+ Kh7 69. c6 Bf3 70. Kg3 Bxc6 71. g5 Be8 72. Rh6+ Kg7 73.
Kh3 Bd7+ 74. Kh2 Rh4+ 75. Kg3 Rg4+ 76. Kf3 Rg1 77. Kf4 Rf1+ 78. Kg3 Be8 79. Kh4
Rg1 80. Re6 Rh1+ 81. Kg3 Bxh5 82. Rh6 Rg1+ 83. Kf4 Bg6 84. Rh4 Ra1 85. Kg3 Ra5
86. Kf4 Rf5+ 87. Kg4 Rf1 88. Rh2 Bf5+ 89. Kh5 Rf4 90. Rh4 Bg6# 0-1

[Event "European Online CC GpC"]
[Site "Tornelo INT"]
[Date "2021.03.28"]
[Round "8.3"]
[Board "2"]
[White "Le Goff, Ronan"]
[Black "Donchenko, Alexander"]
[Result "0-1"]
[WhiteTitle "FM"]
[BlackTitle "GM"]
[WhiteElo "2288"]
[BlackElo "2659"]
[WhiteTeam "Echiquier Guingampais"]
[BlackTeam "SF Deizisau e.V."]
[WhiteFideId "612073"]
[BlackFideId "24603295"]
[EventDate "2021.03.27"]
[EventType "team"]

1. d4 d5 2. Nf3 Nf6 3. g3 g6 4. Bg2 Bg7 5. O-O O-O 6. c4 c6 7. b3 Bf5 8. Bb2 Ne4
9. Nc3 Nxc3 10. Bxc3 Be4 11. Qd2 Nd7 12. Rfe1 e6 13. a4 a5 14. Qb2 Qb6 15. Ne5
Nxe5 16. Bxe4 Nxc4 17. bxc4 Qxb2 18. Bxb2 dxe4 19. Rab1 Rfd8 20. e3 Rd7 21. c5
f5 22. Bc3 Kf7 23. Rb3 e5 24. dxe5 Ke6 25. Reb1 Ra7 26. Kf1 Bxe5 27. Bxe5 Kxe5
28. Ke2 g5 29. R1b2 g4 30. Rb1 h5 31. R3b2 Rd5 32. Rc2 Rd3 33. Rcb2 Rc3 34. Rd1
Rxc5 35. Rd7 Rd5 36. Rh7 Kd6 37. Rc2 Ke6 38. Rb2 Rd7 39. Rxh5 Ra8 40. Rh6+ Ke5
41. h3 gxh3 42. Rxh3 Kf6 43. Rh5 Kg6 44. g4 Rf8 45. Rb1 fxg4 46. Re5 Rdf7 47.
Rxe4 Rxf2+ 48. Kd3 Rd8+ 49. Kc3 Kf5 50. Re7 g3 51. Rbxb7 Rg8 52. Rb1 Kg4 53. Kd3
g2 54. Rbb7 Rg5 55. Rg7 Rf5 56. Rxg5+ Rxg5 57. Rb1 Kf3 0-1

[Event "European Online CC GpC"]
[Site "Tornelo INT"]
[Date "2021.03.28"]
[Round "8.4"]
[Board "1"]
[White "Nguyen, Thai Dai Van"]
[Black "Markoja, Boris"]
[Result "1/2-1/2"]
[WhiteTitle "GM"]
[BlackTitle "IM"]
[WhiteElo "2577"]
[BlackElo "2439"]
[WhiteTeam "Cesky Lev"]
[BlackTeam "ZSK Maribor Poligram"]
[WhiteFideId "358878"]
[BlackFideId "14608502"]
[EventDate "2021.03.27"]
[EventType "team"]

1. d4 Nf6 2. c4 e6 3. Nc3 Bb4 4. Qc2 b6 5. e4 c5 6. d5 Qe7 7. Ne2 exd5 8. exd5
d6 9. Bf4 Bxc3+ 10. Qxc3 O-O 11. O-O-O b5 12. cxb5 Nbd7 13. Ng3 Nb6 14. Bg5 Qe5
15. Qxe5 dxe5 16. Bxf6 gxf6 17. Bd3 a6 18. bxa6 c4 19. Bf5 Rxa6 20. Kb1 Bxf5+
21. Nxf5 Rfa8 22. a3 c3 23. d6 cxb2 24. d7 Rd8 25. Rd6 Rxa3 26. Rhd1 Nc4 27.
R6d3 Ra1+ 28. Kc2 Rxd1 29. Rxd1 Kf8 30. f3 Nb6 31. Rd6 Nxd7 32. Kb1 Ke8 33. Ng7+
Ke7 34. Nf5+ Ke8 35. Ng7+ Ke7 36. Nf5+ Ke8 1/2-1/2

[Event "European Online CC GpC"]
[Site "Tornelo INT"]
[Date "2021.03.28"]
[Round "9.3"]
[Board "3"]
[White "Bouget, Alexandre"]
[Black "Stocek, Jiri"]
[Result "0-1"]
[WhiteTitle "FM"]
[BlackTitle "GM"]
[WhiteElo "2247"]
[BlackElo "2604"]
[WhiteTeam "Echiquier Guingampais"]
[BlackTeam "Cesky Lev"]
[WhiteFideId "681318"]
[BlackFideId "304760"]
[EventDate "2021.03.27"]
[EventType "team"]

1. d4 Nf6 2. c4 e6 3. Nc3 Bb4 4. e3 c5 5. Nf3 Nc6 6. Bd2 cxd4 7. exd4 O-O 8. Bd3
d5 9. cxd5 exd5 10. O-O Bg4 11. Be3 Re8 12. h3 Bh5 13. Rc1 Ne4 14. g4 Bg6 15.
Ne2 Bd6 16. Nf4 Bxf4 17. Bxf4 Qf6 18. Be3 h6 19. Kg2 Rad8 20. Bb5 Nd6 21. Bxc6
bxc6 22. Ne5 Nc4 23. Nxc4 dxc4 24. Rxc4 Be4+ 25. f3 Bd5 26. Rc3 c5 27. dxc5 Bc4
28. Qc1 Bxf1+ 29. Qxf1 Qxc3 30. bxc3 Rxe3 31. Qc4 Rd2+ 32. Kg3 g5 33. Qf1 Rxc3
34. Qe1 Rcc2 35. Qe8+ Kg7 36. Qe5+ Kg6 37. Qf5+ Kg7 38. Qe5+ Kf8 39. Qb8+ Ke7
40. Qxa7+ Kf6 41. Qa6+ Kg7 42. Qf1 Rxa2 43. c6 Rdc2 44. Qg1 Rxc6 45. Qd4+ Rf6
46. Qc5 Rd2 47. Qc4 Rdd6 48. Qb5 Rb6 49. Qd5 Rbd6 50. Qb5 Rd2 51. Qc4 Rd7 52.
Qe4 Rdd6 53. h4 gxh4+ 54. Kxh4 Rde6 55. Qd4 Kh7 56. Kg3 h5 57. gxh5 Kh6 58. Qh4
Rf5 59. Qd4 Rxh5 60. Qh8+ Kg6 61. Qg8+ Kf6 62. Qd8+ Kg7 63. Kg4 Rhh6 64. Qd4+
Ref6 65. f4 Rg6+ 66. Kf3 Kg8 67. Qd8+ Kh7 68. Qd7 Kg7 69. Qd4 Rh6 70. Qe5 Kg8
71. Qe8+ Kh7 72. Qe4+ Kg7 73. Qe5 Rh1 74. Qg5+ Rg6 75. Qe5+ Kg8 76. Qe8+ Kg7 77.
Qe5+ Kh7 78. Qf5 Kg8 79. Qc8+ Kg7 80. Qc3+ Rf6 81. Qc4 Rh4 82. Kg3 Rhxf4 83. Qd5
R4f5 84. Qd4 Rg5+ 85. Kh4 Rg6 86. Kh5 Kh7 87. Qe4 Rf2 88. Qe5 Rh2+ 89. Qxh2 Rh6+ 0-1